Berfikiran dan berjiwa besar / (Record no. 492)

000 -LEADER
fixed length control field nam a22 a 4500
003 - CONTROL NUMBER IDENTIFIER
control field AKMAL
005 - DATE AND TIME OF LATEST TRANSACTION
control field 20170504094700.0
008 - FIXED-LENGTH DATA ELEMENTS--GENERAL INFORMATION
fixed length control field 170504s19962006my | e | 000 0 may d
020 ## - INTERNATIONAL STANDARD BOOK NUMBER
International Standard Book Number 9839315064 (kkt.):
Terms of availability RM 20.00
020 ## - INTERNATIONAL STANDARD BOOK NUMBER
International Standard Book Number 9789839315066 (kkt.)
039 #9 - LEVEL OF BIBLIOGRAPHIC CONTROL AND CODING DETAIL [OBSOLETE]
Level of rules in bibliographic description 201105101331
Level of effort used to assign nonsubject heading access points vithya
Level of effort used to assign subject headings 201104291531
Level of effort used to assign classification maulidiah
Level of effort used to assign subject headings 201004011255
Level of effort used to assign classification jalil
Level of effort used to assign subject headings 200811181510
Level of effort used to assign classification jalil
040 ## - CATALOGING SOURCE
Original cataloging agency AKMAL
Transcribing agency AKMAL
049 ## - LOCAL HOLDINGS (OCLC)
Holding library klpmal
082 04 - DEWEY DECIMAL CLASSIFICATION NUMBER
Classification number 153.42 SCH
Edition number 22
090 00 - LOCALLY ASSIGNED LC-TYPE CALL NUMBER (OCLC); LOCAL CALL NUMBER (RLIN)
Classification number (OCLC) (R) ; Classification number, CALL (RLIN) (NR) 153.42
Local cutter number (OCLC) ; Book number/undivided call number, CALL (RLIN) SCH
090 20 - LOCALLY ASSIGNED LC-TYPE CALL NUMBER (OCLC); LOCAL CALL NUMBER (RLIN)
Classification number (OCLC) (R) ; Classification number, CALL (RLIN) (NR) 158.1
Local cutter number (OCLC) ; Book number/undivided call number, CALL (RLIN) SCH
100 1# - MAIN ENTRY--PERSONAL NAME
Personal name Schwartz, D. J.
Fuller form of name (David Joseph)
9 (RLIN) 1117
245 10 - TITLE STATEMENT
Title Berfikiran dan berjiwa besar /
Statement of responsibility, etc. D.J. Schwartz ; penterjemah Zulkiflee Yazid
260 ## - PUBLICATION, DISTRIBUTION, ETC.
Place of publication, distribution, etc. Batu Caves :
Name of publisher, distributor, etc. Albaz Publishing & Distribution,
Date of publication, distribution, etc. 1996 [reprinted 2006]
300 ## - PHYSICAL DESCRIPTION
Extent v, 279ms. ;
Dimensions 22cm.
490 1# - SERIES STATEMENT
Series statement Siri motivasi
500 ## - GENERAL NOTE
General note Terjemahan dari : The magic of thinking big
650 10 - SUBJECT ADDED ENTRY--TOPICAL TERM
Topical term or geographic name entry element Success
9 (RLIN) 2
700 0# - ADDED ENTRY--PERSONAL NAME
Personal name Zulkifilee Yazid
9 (RLIN) 1118
830 ## - SERIES ADDED ENTRY--UNIFORM TITLE
Uniform title Siri motivasi
9 (RLIN) 1119
942 ## - ADDED ENTRY ELEMENTS (KOHA)
Source of classification or shelving scheme
Koha item type Book
Holdings
Withdrawn status Lost status Source of classification or shelving scheme Damaged status Not for loan Collection code Home library Current library Date acquired Inventory number Total Checkouts Full call number Barcode Date last seen Price effective from Koha item type
          NON-FICTION AKMAL Melaka AKMAL Melaka 04.05.2017 00275   153.42 SCH 201701383 04.05.2017 04.05.2017 Book
          NON-FICTION AKMAL Melaka AKMAL Melaka 04.05.2017 00314   153.42 SCH 201701382 04.05.2017 04.05.2017 Book
Pusat Sumber Maklumat Dato' Haji Sarmin Md Hussin, Akademi Kastam Diraja Malaysia, Melaka
Tel: 06-2331106 | Faks: 06-2313787